252 sơ đồ kế toán doanh nghiệp nhỏ và vừa : Biên soạn theo các luật thế giác trị gia tăng, luật thuế TNDN và các văn bản hướng dẫn thi hành có hiệu lực từ ngày 01/01/2009, các chuẩn mực kế toán, chế độ kế toán doanh nghiệp nhỏ và vừa
Nội dung sách gồm: những quy định chung về danh mục hệ thống tài khoản kế toán; danh mục chứng từ kế toán. các sơ đồ kế toán các loại thuế và các khoản phí lệ phí phải nộp; sơ đồ kế toán hướng dẫn thực hiện các chuẩn mực kế toán...
Đã lưu trong:
| 主要作者: | |
|---|---|
| 格式: | 图书 |
| 语言: | Undetermined |
| 出版: |
Hà Nội
Tài chính
2009
|
| 主题: | |
| 标签: |
添加标签
没有标签, 成为第一个标记此记录!
|
| Thư viện lưu trữ: | Trung tâm Học liệu Trường Đại học Cần Thơ |
|---|
| LEADER | 01405nam a2200229Ia 4500 | ||
|---|---|---|---|
| 001 | CTU_148490 | ||
| 008 | 210402s9999 xx 000 0 und d | ||
| 020 | |c 150000 | ||
| 082 | |a 657.7 | ||
| 082 | |b H100 | ||
| 100 | |a Hà, Thị Ngọc Hà | ||
| 245 | 0 | |a 252 sơ đồ kế toán doanh nghiệp nhỏ và vừa : | |
| 245 | 0 | |b Biên soạn theo các luật thế giác trị gia tăng, luật thuế TNDN và các văn bản hướng dẫn thi hành có hiệu lực từ ngày 01/01/2009, các chuẩn mực kế toán, chế độ kế toán doanh nghiệp nhỏ và vừa | |
| 245 | 0 | |c Hà Thị Ngọc Hà | |
| 260 | |a Hà Nội | ||
| 260 | |b Tài chính | ||
| 260 | |c 2009 | ||
| 520 | |a Nội dung sách gồm: những quy định chung về danh mục hệ thống tài khoản kế toán; danh mục chứng từ kế toán. các sơ đồ kế toán các loại thuế và các khoản phí lệ phí phải nộp; sơ đồ kế toán hướng dẫn thực hiện các chuẩn mực kế toán. | ||
| 650 | |a Business enterprises,Business enterprises,Kinh doanh doanh nghiệp,Kinh doanh doanh nghiệp | ||
| 650 | |x Management,Accounting,Quản lý,Kế toán | ||
| 904 | |i Tuyến | ||
| 980 | |a Trung tâm Học liệu Trường Đại học Cần Thơ | ||